[Event "Russian Championship (Rapid, Men)"]
[Site "Sochi"]
[Date "2018.10.06"]
[Round "7.28"]
[White "Shcherbakov, Ruslan"]
[Black "Apryshko, Gleb"]
[Result "1-0"]
[BlackElo "2369"]
[WhiteElo "2555"]
[LiveChessVersion "1.4.8"]

1. e4 {[%clk 0:13:44]} g6 {[%clk 0:15:18]} 2. d4 {[%clk 0:13:40]} Bg7
{[%clk 0:15:26]} 3. Nc3 {[%clk 0:13:40]} d6 {[%clk 0:15:02]} 4. Be3
{[%clk 0:13:35]} a6 {[%clk 0:15:10]} 5. Qd2 {[%clk 0:13:01]} Nd7 {[%clk 0:15:17]}
6. O-O-O {[%clk 0:12:09]} b5 {[%clk 0:15:23]} 7. h4 {[%clk 0:11:55]} Bb7
{[%clk 0:14:59]} 8. h5 {[%clk 0:11:33]} b4 {[%clk 0:14:24]} 9. Nd5
{[%clk 0:11:35]} a5 {[%clk 0:13:42]} 10. Nh3 {[%clk 0:09:32]} e6 {[%clk 0:12:51]}
11. Ndf4 {[%clk 0:09:37]} Bxe4 {[%clk 0:11:47]} 12. Bd3 {[%clk 0:09:27]} Ngf6
{[%clk 0:08:32]} 13. h6 {[%clk 0:07:00]} Bf8 {[%clk 0:07:55]} 14. Ng5
{[%clk 0:06:51]} Bd5 {[%clk 0:07:44]} 15. c4 {[%clk 0:04:44]} bxc3
{[%clk 0:07:50]} 16. bxc3 {[%clk 0:04:52]} Nb6 {[%clk 0:07:29]} 17. Nxd5
{[%clk 0:04:21]} Nfxd5 {[%clk 0:06:53]} 18. Bb5+ {[%clk 0:04:19]} Nd7
{[%clk 0:06:05]} 19. c4 {[%clk 0:03:59]} Nb4 {[%clk 0:04:24]} 20. d5
{[%clk 0:03:38]} Qf6 {[%clk 0:03:22]} 21. Bd4 {[%clk 0:03:26]} e5
{[%clk 0:03:31]} 22. Bc3 {[%clk 0:02:51]} Nxa2+ {[%clk 0:03:06]} 23. Qxa2
{[%clk 0:02:56]} Qxg5+ {[%clk 0:03:15]} 24. Bd2 {[%clk 0:03:02]} Qg4
{[%clk 0:01:22]} 25. f3 {[%clk 0:02:54]} Qxg2 {[%clk 0:00:50]} 26. f4
{[%clk 0:01:19]} Be7 {[%clk 0:00:41]} 27. fxe5 {[%clk 0:01:08]} dxe5
{[%clk 0:00:42]} 28. Bxd7+ {[%clk 0:00:52]} Kxd7 {[%clk 0:00:51]} 29. Qa4+
{[%clk 0:01:01]} Kd8 {[%clk 0:00:56]} 30. d6 {[%clk 0:01:08]} Bxd6
{[%clk 0:00:58]} 31. c5 {[%clk 0:01:13]} Ke7 {[%clk 0:01:03]} 32. Rhg1
{[%clk 0:01:14]} Qf2 {[%clk 0:01:02]} 33. cxd6+ {[%clk 0:00:22]} cxd6
{[%clk 0:01:12]} 34. Kb1 {[%clk 0:00:28]} Rab8+ {[%clk 0:00:21]} 35. Ka1
{[%clk 0:00:37]} Rhc8 {[%clk 0:00:26]} 36. Rgf1 {[%clk 0:00:29]} Qb6
{[%clk 0:00:20]} 37. Bg5+ {[%clk 0:00:37]} Kf8 {[%clk 0:00:15]} 38. Rxf7+
{[%clk 0:00:41]} Kg8 {[%clk 0:00:25]} 39. Rg7+ Kh8 40. Rxh7+ {[%clk 0:00:53]} Kg8
{[%clk 0:00:44]} 41. Rg7+ Kh8 42. Rh7+ Kg8 43. Qa2+ {[%clk 0:00:44]} Qb3
{[%clk 0:00:53]} 44. Rg7+ {[%clk 0:00:52]} Kh8 {[%clk 0:00:58]} 45. Qxb3
{[%clk 0:00:58]} Rxb3 {[%clk 0:01:07]} 46. Bf6 {[%clk 0:01:04]} 1-0

[Event "Russian Championship (Rapid, Men)"]
[Site "Sochi"]
[Date "2018.10.06"]
[Round "7.29"]
[White "Gabrielian, Artur"]
[Black "Alexeev, Alexey"]
[Result "1-0"]
[BlackElo "2283"]
[WhiteElo "2532"]
[LiveChessVersion "1.4.8"]

1. e4 {[%clk 0:15:18]} e5 {[%clk 0:15:16]} 2. Nf3 {[%clk 0:15:27]} Nc6
{[%clk 0:15:24]} 3. Bc4 {[%clk 0:15:34]} Bc5 {[%clk 0:15:26]} 4. d3
{[%clk 0:15:42]} Nf6 {[%clk 0:15:29]} 5. c3 {[%clk 0:15:48]} d6 {[%clk 0:15:13]}
6. Bg5 {[%clk 0:15:55]} h6 {[%clk 0:15:02]} 7. Bh4 {[%clk 0:16:04]} g5
{[%clk 0:14:29]} 8. Bg3 {[%clk 0:16:12]} a6 {[%clk 0:13:49]} 9. a4
{[%clk 0:16:05]} Ba7 {[%clk 0:13:31]} 10. Nbd2 {[%clk 0:15:43]} Qe7
{[%clk 0:12:29]} 11. O-O {[%clk 0:15:47]} Bg4 {[%clk 0:10:42]} 12. b4
{[%clk 0:15:34]} h5 {[%clk 0:09:33]} 13. h4 {[%clk 0:15:42]} gxh4
{[%clk 0:07:21]} 14. Bxh4 {[%clk 0:15:50]} Nd8 {[%clk 0:07:11]} 15. Qb3
{[%clk 0:14:10]} Ne6 {[%clk 0:06:57]} 16. d4 {[%clk 0:12:00]} exd4
{[%clk 0:04:17]} 17. e5 {[%clk 0:11:32]} dxe5 {[%clk 0:04:16]} 18. Ne4
{[%clk 0:10:57]} Rh6 {[%clk 0:02:24]} 19. Nxf6+ {[%clk 0:09:54]} Rxf6
{[%clk 0:02:31]} 20. Nxe5 {[%clk 0:09:12]} O-O-O {[%clk 0:01:58]} 21. Rae1
{[%clk 0:08:14]} Rg8 {[%clk 0:01:01]} 22. Kh1 {[%clk 0:06:52]} dxc3
{[%clk 0:00:26]} 23. Qxc3 {[%clk 0:06:41]} Nf4 {[%clk 0:00:14]} 24. Nxg4
{[%clk 0:06:00]} Rxg4 {[%clk 0:00:12]} 25. Rxe7 {[%clk 0:04:29]} Rxh4+
{[%clk 0:00:19]} 26. Kg1 {[%clk 0:04:38]} Rg4 {[%clk 0:00:00]} 1-0

[Event "Russian Championship (Rapid, Men)"]
[Site "Sochi"]
[Date "2018.10.06"]
[Round "7.30"]
[White "Bykov, Oleg"]
[Black "Gordievsky, Dmitry"]
[Result "1/2-1/2"]
[BlackElo "2498"]
[WhiteElo "2396"]
[LiveChessVersion "1.4.8"]

1. d4 {[%clk 0:15:19]} Nf6 {[%clk 0:15:15]} 2. c4 {[%clk 0:15:27]} g6
{[%clk 0:15:23]} 3. Nc3 {[%clk 0:15:35]} Bg7 {[%clk 0:15:32]} 4. e4
{[%clk 0:15:44]} d6 {[%clk 0:15:40]} 5. Nf3 {[%clk 0:15:51]} O-O {[%clk 0:15:48]}
6. Be2 {[%clk 0:16:00]} Na6 {[%clk 0:15:57]} 7. O-O {[%clk 0:16:03]} e5
{[%clk 0:16:05]} 8. Be3 {[%clk 0:16:11]} c6 {[%clk 0:16:14]} 9. d5
{[%clk 0:14:45]} Ng4 {[%clk 0:16:23]} 10. Bg5 {[%clk 0:14:34]} f6
{[%clk 0:16:32]} 11. Bh4 {[%clk 0:11:20]} c5 {[%clk 0:16:40]} 12. Ne1
{[%clk 0:11:20]} h5 {[%clk 0:16:40]} 13. Nd3 {[%clk 0:10:46]} Bd7
{[%clk 0:15:48]} 14. Bg3 {[%clk 0:09:24]} f5 {[%clk 0:13:11]} 15. exf5
{[%clk 0:07:03]} gxf5 {[%clk 0:13:14]} 16. h3 {[%clk 0:06:55]} h4
{[%clk 0:12:26]} 17. hxg4 {[%clk 0:06:28]} hxg3 {[%clk 0:12:34]} 18. gxf5
{[%clk 0:06:28]} Bxf5 {[%clk 0:09:18]} 19. fxg3 {[%clk 0:04:06]} Qg5
{[%clk 0:07:02]} 20. g4 {[%clk 0:02:05]} Bg6 {[%clk 0:07:11]} 21. Nf2
{[%clk 0:02:10]} Nb4 {[%clk 0:06:36]} 22. Qc1 {[%clk 0:01:44]} Qh4
{[%clk 0:02:38]} 23. Nce4 {[%clk 0:01:52]} Rxf2 {[%clk 0:01:03]} 24. Nxf2
{[%clk 0:01:54]} Nc2 {[%clk 0:00:46]} 25. Nh3 {[%clk 0:01:24]} Nxa1
{[%clk 0:00:48]} 26. Qxa1 {[%clk 0:01:33]} e4 {[%clk 0:00:47]} 27. Qc1
{[%clk 0:01:28]} e3 {[%clk 0:00:46]} 28. Kh1 {[%clk 0:01:10]} Be4
{[%clk 0:00:33]} 29. Qxe3 {[%clk 0:00:59]} Re8 {[%clk 0:00:40]} 30. Bf3
{[%clk 0:01:08]} Bg6 {[%clk 0:00:42]} 31. Qg5 {[%clk 0:00:53]} Qxg5
{[%clk 0:00:51]} 32. Nxg5 {[%clk 0:01:00]} Bxb2 {[%clk 0:00:56]} 33. Ne6
{[%clk 0:00:48]} Be5 {[%clk 0:01:00]} 34. g5 {[%clk 0:00:34]} Bd3
{[%clk 0:01:03]} 35. Rc1 {[%clk 0:00:43]} Re7 {[%clk 0:00:36]} 36. Kg1
{[%clk 0:00:17]} Rh7 {[%clk 0:00:45]} 37. Kf2 {[%clk 0:00:21]} Rh4
{[%clk 0:00:54]} 38. Be2 {[%clk 0:00:15]} Bg6 {[%clk 0:00:57]} 39. Rd1
{[%clk 0:00:14]} Kf7 {[%clk 0:00:51]} 40. Ke3 {[%clk 0:00:14]} Ke7
{[%clk 0:00:44]} 41. Bd3 {[%clk 0:00:19]} Be8 {[%clk 0:00:28]} 42. Rb1
{[%clk 0:00:26]} b6 {[%clk 0:00:37]} 43. Kf3 {[%clk 0:00:14]} Bh5+
{[%clk 0:00:46]} 44. Ke3 {[%clk 0:00:23]} Rg4 {[%clk 0:00:52]} 45. Rh1
{[%clk 0:00:20]} Bd4+ {[%clk 0:00:40]} 46. Kd2 {[%clk 0:00:13]} Rxg2+
{[%clk 0:00:49]} 47. Kc1 {[%clk 0:00:23]} Be3+ {[%clk 0:00:40]} 48. Kb1
{[%clk 0:00:30]} Rg1+ {[%clk 0:00:21]} 49. Rxg1 {[%clk 0:00:39]} Bxg1
{[%clk 0:00:30]} 50. Nc7 {[%clk 0:00:14]} Bd4 {[%clk 0:00:13]} 51. Kc2
{[%clk 0:00:19]} Bf7 {[%clk 0:00:15]} 52. g6 {[%clk 0:00:17]} Bg8
{[%clk 0:00:24]} 53. Kb3 {[%clk 0:00:16]} Be5 {[%clk 0:00:25]} 54. Bf5
{[%clk 0:00:14]} Kd8 {[%clk 0:00:25]} 55. Nb5 {[%clk 0:00:14]} a6
{[%clk 0:00:30]} 56. Na7 {[%clk 0:00:19]} Ke7 {[%clk 0:00:23]} 57. Be4
{[%clk 0:00:22]} Kd7 {[%clk 0:00:22]} 58. a4 {[%clk 0:00:20]} Ba1
{[%clk 0:00:12]} 59. Bf5+ {[%clk 0:00:22]} Kc7 {[%clk 0:00:12]} 60. Be6
{[%clk 0:00:14]} Bxe6 {[%clk 0:00:20]} 61. dxe6 {[%clk 0:00:23]} Bf6
{[%clk 0:00:23]} 62. a5 {[%clk 0:00:31]} bxa5 {[%clk 0:00:27]} 63. Ka4
{[%clk 0:00:40]} Bc3 {[%clk 0:00:26]} 64. Kb3 {[%clk 0:00:39]} Bf6
{[%clk 0:00:34]} 65. Ka4 {[%clk 0:00:43]} Bc3 {[%clk 0:00:43]} 66. e7
{[%clk 0:00:33]} Kd7 {[%clk 0:00:53]} 67. Nc6 {[%clk 0:00:26]} Ke8
{[%clk 0:01:01]} 68. Kb3 {[%clk 0:00:19]} Bf6 {[%clk 0:01:10]} 69. Ka4
{[%clk 0:00:26]} Bc3 {[%clk 0:01:15]} 70. Kb3 {[%clk 0:00:22]} 1/2-1/2

[Event "Russian Championship (Rapid, Men)"]
[Site "Sochi"]
[Date "2018.10.06"]
[Round "7.31"]
[White "Malakhov, Igor"]
[Black "Kryakvin, Dmitry"]
[Result "0-1"]
[BlackElo "2559"]
[WhiteElo "2387"]
[LiveChessVersion "1.4.8"]

1. e4 {[%clk 0:15:17]} c5 {[%clk 0:15:19]} 2. Nf3 {[%clk 0:15:26]} d6
{[%clk 0:15:28]} 3. d4 {[%clk 0:15:35]} cxd4 {[%clk 0:15:37]} 4. Nxd4
{[%clk 0:15:43]} Nf6 {[%clk 0:15:46]} 5. Nc3 {[%clk 0:15:51]} Nc6
{[%clk 0:15:55]} 6. Bc4 {[%clk 0:15:38]} e6 {[%clk 0:16:03]} 7. Bb3
{[%clk 0:15:42]} Be7 {[%clk 0:16:11]} 8. O-O {[%clk 0:15:50]} O-O
{[%clk 0:16:18]} 9. Be3 {[%clk 0:15:59]} Bd7 {[%clk 0:16:26]} 10. f4
{[%clk 0:16:00]} Nxd4 {[%clk 0:16:33]} 11. Bxd4 {[%clk 0:15:15]} Bc6
{[%clk 0:16:40]} 12. Qe2 {[%clk 0:15:07]} b5 {[%clk 0:16:38]} 13. Nxb5
{[%clk 0:13:51]} Bxb5 {[%clk 0:16:46]} 14. Qxb5 {[%clk 0:14:00]} Nxe4
{[%clk 0:16:54]} 15. f5 {[%clk 0:13:20]} e5 {[%clk 0:16:47]} 16. Be3
{[%clk 0:13:27]} Bg5 {[%clk 0:16:51]} 17. Qe2 {[%clk 0:10:05]} Bxe3+
{[%clk 0:16:17]} 18. Qxe3 {[%clk 0:10:14]} Nf6 {[%clk 0:16:24]} 19. Rad1
{[%clk 0:10:14]} Qc7 {[%clk 0:15:07]} 20. h3 {[%clk 0:09:19]} a5 {[%clk 0:15:06]}
21. Rf2 {[%clk 0:09:08]} a4 {[%clk 0:14:31]} 22. Bd5 {[%clk 0:09:16]} Ra5
{[%clk 0:14:40]} 23. Bf3 {[%clk 0:07:28]} e4 {[%clk 0:14:05]} 24. Be2
{[%clk 0:07:05]} Qxc2 {[%clk 0:13:50]} 25. Rxd6 {[%clk 0:07:05]} Qxb2
{[%clk 0:13:52]} 26. g4 {[%clk 0:06:06]} Qe5 {[%clk 0:13:26]} 27. Rd4
{[%clk 0:06:13]} h6 {[%clk 0:13:04]} 28. Bd1 {[%clk 0:05:31]} Rd5
{[%clk 0:12:42]} 29. Rfd2 {[%clk 0:04:47]} Rfd8 {[%clk 0:10:11]} 30. Rxd5
{[%clk 0:04:55]} Nxd5 {[%clk 0:10:10]} 31. Qe1 {[%clk 0:05:01]} Ra8
{[%clk 0:09:14]} 32. Bf3 {[%clk 0:04:50]} Nf6 {[%clk 0:09:18]} 33. Bg2
{[%clk 0:04:42]} Rb8 {[%clk 0:09:15]} 34. Re2 {[%clk 0:04:25]} Rb2
{[%clk 0:09:16]} 35. Kh1 {[%clk 0:02:14]} a3 {[%clk 0:09:07]} 36. Bf1
{[%clk 0:01:22]} Kh7 {[%clk 0:08:21]} 37. Rg2 {[%clk 0:01:18]} e3
{[%clk 0:07:56]} 38. Re2 {[%clk 0:00:57]} Ne4 {[%clk 0:07:51]} 39. Kg2
{[%clk 0:01:00]} Nc3 {[%clk 0:07:51]} 0-1

[Event "Russian Championship (Rapid, Men)"]
[Site "Sochi"]
[Date "2018.10.06"]
[Round "7.32"]
[White "Panarin, Mikhail"]
[Black "Miroshnichenko, Pavel"]
[Result "1-0"]
[BlackElo "2303"]
[WhiteElo "2541"]
[LiveChessVersion "1.4.8"]

1. e4 {[%clk 0:15:17]} e5 {[%clk 0:15:19]} 2. Nf3 {[%clk 0:15:26]} Nc6
{[%clk 0:15:28]} 3. Bb5 {[%clk 0:15:34]} a6 {[%clk 0:15:36]} 4. Ba4
{[%clk 0:15:43]} Nf6 {[%clk 0:15:45]} 5. O-O {[%clk 0:15:50]} Be7
{[%clk 0:15:54]} 6. Re1 {[%clk 0:15:58]} b5 {[%clk 0:16:02]} 7. Bb3
{[%clk 0:16:07]} d6 {[%clk 0:16:11]} 8. c3 {[%clk 0:16:15]} O-O {[%clk 0:16:19]}
9. h3 {[%clk 0:16:24]} Bb7 {[%clk 0:16:28]} 10. d4 {[%clk 0:16:22]} Re8
{[%clk 0:16:36]} 11. Nbd2 {[%clk 0:15:43]} Bf8 {[%clk 0:16:45]} 12. Bc2
{[%clk 0:15:46]} g6 {[%clk 0:15:46]} 13. a4 {[%clk 0:15:39]} Bg7 {[%clk 0:15:34]}
14. d5 {[%clk 0:14:33]} Ne7 {[%clk 0:15:35]} 15. b3 {[%clk 0:11:20]} c6
{[%clk 0:14:11]} 16. c4 {[%clk 0:11:29]} cxd5 {[%clk 0:13:45]} 17. cxd5
{[%clk 0:11:37]} Nh5 {[%clk 0:11:08]} 18. Bd3 {[%clk 0:06:11]} bxa4
{[%clk 0:10:35]} 19. Rxa4 {[%clk 0:06:08]} Nf4 {[%clk 0:09:46]} 20. Bf1
{[%clk 0:05:56]} f5 {[%clk 0:09:34]} 21. Ba3 {[%clk 0:05:05]} fxe4
{[%clk 0:06:14]} 22. Nxe4 {[%clk 0:05:12]} Nf5 {[%clk 0:05:28]} 23. g4
{[%clk 0:04:44]} Nd4 {[%clk 0:04:51]} 24. Nxd6 {[%clk 0:03:45]} Nxf3+
{[%clk 0:04:48]} 25. Qxf3 {[%clk 0:03:53]} Bxd5 {[%clk 0:04:50]} 26. Qd1
{[%clk 0:03:27]} Be6 {[%clk 0:02:11]} 27. Rxf4 {[%clk 0:03:15]} exf4
{[%clk 0:01:56]} 28. Rxe6 {[%clk 0:03:24]} Rxe6 {[%clk 0:01:49]} 29. Qd5
{[%clk 0:03:32]} Qf6 {[%clk 0:01:11]} 30. Qxa8+ {[%clk 0:03:05]} Bf8
{[%clk 0:01:20]} 31. Bc4 {[%clk 0:03:09]} Kg7 {[%clk 0:00:25]} 32. Qb7+
{[%clk 0:02:39]} Be7 {[%clk 0:00:13]} 33. Ne8+ {[%clk 0:02:35]} 1-0

[Event "Russian Championship (Rapid, Men)"]
[Site "Sochi"]
[Date "2018.10.06"]
[Round "7.33"]
[White "Linker, Mikhail"]
[Black "Chekhov, Sergei"]
[Result "0-1"]
[BlackElo "2487"]
[WhiteElo "2319"]
[LiveChessVersion "1.4.8"]

1. Nf3 {[%clk 0:14:39]} Nf6 {[%clk 0:15:15]} 2. d4 {[%clk 0:14:44]} e6
{[%clk 0:15:24]} 3. c4 {[%clk 0:14:53]} b6 {[%clk 0:15:33]} 4. g3
{[%clk 0:15:00]} Bb7 {[%clk 0:15:42]} 5. Bg2 {[%clk 0:15:09]} Be7
{[%clk 0:15:50]} 6. O-O {[%clk 0:15:15]} O-O {[%clk 0:15:57]} 7. Nc3
{[%clk 0:15:20]} Na6 {[%clk 0:15:55]} 8. b3 {[%clk 0:14:47]} Ne4 {[%clk 0:15:53]}
9. Bb2 {[%clk 0:14:56]} Nxc3 {[%clk 0:15:48]} 10. Bxc3 {[%clk 0:15:04]} c5
{[%clk 0:15:13]} 11. d5 {[%clk 0:13:56]} exd5 {[%clk 0:15:21]} 12. cxd5
{[%clk 0:14:05]} d6 {[%clk 0:15:27]} 13. e4 {[%clk 0:14:10]} Nc7 {[%clk 0:15:12]}
14. a4 {[%clk 0:13:59]} Bf6 {[%clk 0:14:26]} 15. Qd2 {[%clk 0:13:14]} Re8
{[%clk 0:13:48]} 16. Rfe1 {[%clk 0:12:59]} b5 {[%clk 0:12:39]} 17. Rad1
{[%clk 0:10:41]} bxa4 {[%clk 0:11:33]} 18. bxa4 {[%clk 0:10:45]} Bxc3
{[%clk 0:11:39]} 19. Qxc3 {[%clk 0:10:54]} Qd7 {[%clk 0:11:48]} 20. Qc2
{[%clk 0:09:28]} Na6 {[%clk 0:11:41]} 21. e5 {[%clk 0:07:57]} Nb4
{[%clk 0:11:49]} 22. Qb3 {[%clk 0:08:05]} Rab8 {[%clk 0:11:04]} 23. e6
{[%clk 0:07:00]} fxe6 {[%clk 0:11:00]} 24. dxe6 {[%clk 0:07:09]} Qe7
{[%clk 0:11:08]} 25. h4 {[%clk 0:06:19]} d5 {[%clk 0:10:07]} 26. Ng5
{[%clk 0:05:58]} h6 {[%clk 0:09:54]} 27. Nf7 {[%clk 0:05:52]} d4 {[%clk 0:07:50]}
28. Bxb7 {[%clk 0:03:10]} Rxb7 {[%clk 0:07:59]} 29. Qb1 {[%clk 0:02:25]} d3
{[%clk 0:06:45]} 30. Rxd3 {[%clk 0:02:29]} Nxd3 {[%clk 0:06:53]} 31. Qxd3
{[%clk 0:02:38]} Rb6 {[%clk 0:05:14]} 32. Qg6 {[%clk 0:01:07]} Qf6
{[%clk 0:03:37]} 33. Nxh6+ {[%clk 0:01:00]} Kf8 {[%clk 0:03:46]} 34. Qxf6+
{[%clk 0:00:15]} gxf6 {[%clk 0:03:55]} 35. Nf5 {[%clk 0:00:22]} Rbxe6
{[%clk 0:03:54]} 36. Ne3 {[%clk 0:00:28]} c4 {[%clk 0:03:34]} 37. Rc1
{[%clk 0:00:38]} Rc8 {[%clk 0:03:38]} 38. Rc3 {[%clk 0:00:20]} Ra6
{[%clk 0:03:42]} 39. Nd5 {[%clk 0:00:20]} Kf7 {[%clk 0:03:31]} 40. h5
{[%clk 0:00:15]} Ra5 {[%clk 0:03:12]} 41. Nf4 {[%clk 0:00:16]} Rxa4
{[%clk 0:03:20]} 42. g4 {[%clk 0:00:20]} Rb4 {[%clk 0:03:24]} 43. Ra3
{[%clk 0:00:29]} Rb7 {[%clk 0:03:26]} 44. Nd5 {[%clk 0:00:33]} Rc5
{[%clk 0:03:27]} 45. Nc3 {[%clk 0:00:38]} a5 {[%clk 0:03:35]} 46. Ne4
{[%clk 0:00:42]} Rc6 {[%clk 0:02:43]} 47. Rxa5 {[%clk 0:00:35]} c3
{[%clk 0:02:50]} 48. Ra2 {[%clk 0:00:45]} c2 {[%clk 0:02:47]} 49. Rxc2
{[%clk 0:00:53]} Rb1+ {[%clk 0:02:57]} 50. Kg2 {[%clk 0:01:00]} Rxc2
{[%clk 0:03:06]} 51. Kg3 {[%clk 0:01:00]} Rb4 {[%clk 0:02:55]} 52. f3
{[%clk 0:01:08]} Rxe4 {[%clk 0:01:36]} 53. fxe4 {[%clk 0:01:18]} Re2
{[%clk 0:01:45]} 54. Kf3 {[%clk 0:01:26]} Re1 {[%clk 0:01:53]} 55. Kf4
{[%clk 0:01:35]} Kg7 {[%clk 0:01:35]} 56. Kf5 {[%clk 0:01:27]} Rf1+
{[%clk 0:01:42]} 57. Ke6 {[%clk 0:01:32]} Kh6 {[%clk 0:01:47]} 58. Kf7
{[%clk 0:01:34]} Rf4 {[%clk 0:01:45]} 0-1

[Event "Russian Championship (Rapid, Men)"]
[Site "Sochi"]
[Date "2018.10.06"]
[Round "7.34"]
[White "Usmanov, Vasily"]
[Black "Gorbatov, Alexej"]
[Result "1-0"]
[BlackElo "2249"]
[WhiteElo "2486"]
[LiveChessVersion "1.4.8"]

1. d4 {[%clk 0:15:19]} a6 {[%clk 0:15:20]} 2. g3 {[%clk 0:14:29]} e6
{[%clk 0:14:55]} 3. Bg2 {[%clk 0:14:23]} c5 {[%clk 0:13:29]} 4. d5
{[%clk 0:14:10]} exd5 {[%clk 0:13:31]} 5. e3 {[%clk 0:14:09]} Nc6
{[%clk 0:13:23]} 6. Ne2 {[%clk 0:14:15]} Nf6 {[%clk 0:12:47]} 7. Nbc3
{[%clk 0:14:24]} Be7 {[%clk 0:12:38]} 8. Nxd5 {[%clk 0:14:31]} Nxd5
{[%clk 0:12:46]} 9. Qxd5 {[%clk 0:14:19]} d6 {[%clk 0:11:47]} 10. Nf4
{[%clk 0:14:08]} g5 {[%clk 0:07:13]} 11. Nh5 {[%clk 0:11:53]} Rg8
{[%clk 0:07:21]} 12. Qe4 {[%clk 0:10:41]} Rg6 {[%clk 0:07:04]} 13. c4
{[%clk 0:10:07]} Be6 {[%clk 0:06:31]} 14. Bd2 {[%clk 0:08:32]} Qd7
{[%clk 0:05:03]} 15. Bc3 {[%clk 0:08:31]} f6 {[%clk 0:03:42]} 16. h4
{[%clk 0:06:25]} O-O-O {[%clk 0:01:12]} 17. hxg5 {[%clk 0:06:26]} fxg5
{[%clk 0:00:38]} 18. Ng7 {[%clk 0:06:04]} Bg8 {[%clk 0:00:43]} 19. O-O-O
{[%clk 0:05:12]} Bf8 {[%clk 0:00:49]} 20. Nf5 {[%clk 0:04:18]} Re8
{[%clk 0:00:38]} 21. Qd3 {[%clk 0:03:28]} g4 {[%clk 0:00:27]} 22. Bd5
{[%clk 0:02:57]} Bxd5 {[%clk 0:00:22]} 23. Qxd5 {[%clk 0:03:03]} Ne5
{[%clk 0:00:18]} 24. e4 {[%clk 0:02:43]} Kb8 {[%clk 0:00:14]} 25. Bxe5
{[%clk 0:02:45]} Kc8 1-0

[Event "Russian Championship (Rapid, Men)"]
[Site "Sochi"]
[Date "2018.10.06"]
[Round "7.35"]
[White "Rozhko, Dmitry"]
[Black "Lugovskoy, Maxim"]
[Result "0-1"]
[BlackElo "2476"]
[WhiteElo "2281"]
[LiveChessVersion "1.4.8"]

1. e4 {[%clk 0:15:18]} e6 {[%clk 0:15:15]} 2. d4 {[%clk 0:15:26]} d5
{[%clk 0:15:24]} 3. Nc3 {[%clk 0:15:32]} Bb4 {[%clk 0:15:23]} 4. exd5
{[%clk 0:15:34]} exd5 {[%clk 0:15:22]} 5. Bd3 {[%clk 0:15:41]} Nc6
{[%clk 0:15:29]} 6. Nge2 {[%clk 0:15:22]} Nge7 {[%clk 0:15:37]} 7. O-O
{[%clk 0:15:22]} Bg4 {[%clk 0:15:45]} 8. f3 {[%clk 0:14:20]} Bf5 {[%clk 0:15:49]}
9. Be3 {[%clk 0:13:25]} Qd7 {[%clk 0:15:55]} 10. Ng3 {[%clk 0:13:09]} Bxc3
{[%clk 0:15:29]} 11. bxc3 {[%clk 0:13:16]} Bxd3 {[%clk 0:15:37]} 12. cxd3
{[%clk 0:12:20]} O-O {[%clk 0:15:43]} 13. Qd2 {[%clk 0:11:24]} Nf5
{[%clk 0:15:46]} 14. Bf2 {[%clk 0:11:01]} Nd6 {[%clk 0:15:28]} 15. Qg5
{[%clk 0:10:04]} f5 {[%clk 0:14:47]} 16. Rfe1 {[%clk 0:09:56]} h6
{[%clk 0:14:48]} 17. Qd2 {[%clk 0:09:22]} Rae8 {[%clk 0:14:56]} 18. Rxe8
{[%clk 0:09:12]} Rxe8 {[%clk 0:15:05]} 19. Re1 {[%clk 0:09:19]} Rxe1+
{[%clk 0:14:38]} 20. Qxe1 {[%clk 0:08:48]} Qe7 {[%clk 0:14:46]} 21. Kf1
{[%clk 0:07:53]} Qxe1+ {[%clk 0:14:52]} 22. Kxe1 {[%clk 0:07:55]} Kf7
{[%clk 0:15:01]} 23. Be3 {[%clk 0:07:17]} g5 {[%clk 0:13:28]} 24. Ne2
{[%clk 0:07:10]} Kg6 {[%clk 0:13:29]} 25. g4 {[%clk 0:05:45]} Nd8
{[%clk 0:13:29]} 26. h3 {[%clk 0:05:02]} Ne6 {[%clk 0:13:38]} 27. Kf2
{[%clk 0:04:49]} Ne8 {[%clk 0:13:35]} 28. f4 {[%clk 0:04:17]} Nd6
{[%clk 0:13:03]} 29. Kg3 {[%clk 0:03:54]} c6 {[%clk 0:13:00]} 30. Kf3
{[%clk 0:03:03]} a5 {[%clk 0:12:43]} 31. Ng3 {[%clk 0:02:12]} a4 {[%clk 0:12:33]}
32. fxg5 {[%clk 0:01:47]} hxg5 {[%clk 0:12:34]} 33. gxf5+ {[%clk 0:01:36]} Nxf5
{[%clk 0:12:43]} 34. Nxf5 {[%clk 0:01:37]} Kxf5 {[%clk 0:12:51]} 35. Bd2
{[%clk 0:01:15]} b5 {[%clk 0:11:16]} 36. Be3 {[%clk 0:01:18]} Nf8
{[%clk 0:10:42]} 37. Kg3 {[%clk 0:01:21]} Nd7 {[%clk 0:10:51]} 38. Kf3
{[%clk 0:01:14]} Kg6 {[%clk 0:11:00]} 39. Kg4 {[%clk 0:01:13]} Nf6+
{[%clk 0:11:09]} 40. Kf3 {[%clk 0:01:22]} Kh5 {[%clk 0:11:18]} 41. Bf2
{[%clk 0:01:08]} Kg6 {[%clk 0:10:38]} 42. Bg3 {[%clk 0:01:09]} Kf5
{[%clk 0:10:44]} 43. Be5 {[%clk 0:00:58]} Nd7 {[%clk 0:10:30]} 44. Bd6
{[%clk 0:01:02]} Ke6 {[%clk 0:10:39]} 45. Bc7 {[%clk 0:01:03]} c5
{[%clk 0:09:25]} 46. dxc5 {[%clk 0:00:55]} Nxc5 {[%clk 0:09:34]} 47. Ke3
{[%clk 0:00:49]} Kf5 {[%clk 0:09:43]} 48. Bd6 {[%clk 0:00:34]} Ne6
{[%clk 0:09:51]} 49. Bg3 {[%clk 0:00:31]} Nf4 {[%clk 0:09:43]} 50. h4
{[%clk 0:00:24]} d4+ {[%clk 0:02:42]} 51. Kxd4 {[%clk 0:00:17]} Ne2+
{[%clk 0:02:41]} 52. Kc5 {[%clk 0:00:26]} g4 {[%clk 0:02:47]} 53. Be1
{[%clk 0:00:18]} Nc1 {[%clk 0:02:18]} 54. Kxb5 {[%clk 0:00:16]} a3
{[%clk 0:00:54]} 55. c4 {[%clk 0:00:13]} Nxa2 {[%clk 0:00:21]} 56. c5
{[%clk 0:00:15]} g3 {[%clk 0:00:15]} 57. c6 {[%clk 0:00:00]} 0-1

[Event "Russian Championship (Rapid, Men)"]
[Site "Sochi"]
[Date "2018.10.06"]
[Round "8.2"]
[White "Bocharov, Ivan"]
[Black "Alekseev, Evgeny"]
[Result "1/2-1/2"]
[BlackElo "2655"]
[WhiteElo "2668"]
[LiveChessVersion "1.4.8"]

1. e4 {[%clk 0:15:19]} c5 {[%clk 0:15:16]} 2. Nf3 {[%clk 0:15:28]} e6
{[%clk 0:15:22]} 3. d4 {[%clk 0:15:37]} cxd4 {[%clk 0:15:29]} 4. Nxd4
{[%clk 0:15:46]} Nc6 {[%clk 0:15:36]} 5. Nc3 {[%clk 0:15:53]} a6 {[%clk 0:15:41]}
6. Be3 {[%clk 0:16:02]} Nf6 {[%clk 0:15:45]} 7. f4 {[%clk 0:15:21]} Bb4
{[%clk 0:15:16]} 8. Bd3 {[%clk 0:15:15]} e5 {[%clk 0:14:08]} 9. Nxc6
{[%clk 0:13:51]} dxc6 {[%clk 0:14:03]} 10. f5 {[%clk 0:13:40]} Nxe4
{[%clk 0:09:05]} 11. Bxe4 {[%clk 0:09:46]} Bxc3+ {[%clk 0:09:11]} 12. Ke2
{[%clk 0:09:19]} Bd4 {[%clk 0:06:10]} 13. Qd3 {[%clk 0:07:49]} Qh4
{[%clk 0:04:00]} 14. Raf1 {[%clk 0:06:39]} Bd7 {[%clk 0:03:16]} 15. g3
{[%clk 0:05:31]} Qf6 {[%clk 0:02:55]} 16. Rd1 {[%clk 0:04:46]} O-O-O
{[%clk 0:01:49]} 17. Bxd4 {[%clk 0:04:54]} exd4 {[%clk 0:01:56]} 18. Qxd4
{[%clk 0:05:02]} Qh6 {[%clk 0:01:02]} 19. Qe3 {[%clk 0:05:04]} Qf6
{[%clk 0:00:50]} 20. Qd4 {[%clk 0:05:13]} Qh6 {[%clk 0:00:40]} 21. Qe3
{[%clk 0:05:22]} Qf6 {[%clk 0:00:36]} 1/2-1/2